000 01021nam a2200205 a 4500
001 000312996
003 AM-YEHGA
005 20251127161501.0
008 040227s1945 ru ||||| |||| 00| 0 rus d
040 _aAM-YEHGA
041 0 _arus
100 1 _aЗлобина, И. Д.
245 1 0 _aПлан международного валютного сотрудничества :
_bСтенограмма публичной лекции, прочитанной в Лекционном зале в Москве /
_cИ.Д. Злобина ; Ред. А.М. Ходжаев ; Всесоюз. лекц. бюро при ком. по делам высш. шк. при СНК СССР.
260 _aМосква :
_bПравда,
_c1945.
300 _a28 с.
650 1 4 _aФинансовая экономика
700 1 _aХоджаев, А.М.
_eред.
_4edt
710 2 _aКомитет по делам высшей школы при СНК СССР.
_bВсесоюзное лекционное бюро
942 _2udc
_cBK
999 _c536631
_d536631